| 000 | 00436nam a2200181Ia 4500 | ||
|---|---|---|---|
| 999 |
_c32878 _d32878 |
||
| 003 | 0100 | ||
| 005 | 20170818112943.0 | ||
| 008 | 130303s9999 xx 000 0 und d | ||
| 040 | _cARRUPELIB | ||
| 050 | _aPQ8180.17.A73O5 | ||
| 100 |
_aGarcia Marquez, Gabriel _934888 |
||
| 245 |
_aOne hundred years of solitude _cGabriel garcia Marquez |
||
| 260 |
_bAvon Books _aNew York _c1998 |
||
| 300 |
_a383p. ; _c 22cm. |
||
| 650 |
_aMacondo (Imaginary place) _xFiction _934889 |
||
| 650 |
_aLatin America _xSocial conditions _xFiction _934890 |
||
| 650 |
_aEpic literature _934891 |
||
| 942 |
_2lcc _cMONOGRAPH |
||